[Event "David Pruess FNM; 30/90, SD/30"]
[Site "Berkeley"]
[Date "2008.10.10"]
[Round "6.1"]
[White "Jahedi, Salar"]
[Black "Trestor, David Jon"]
[Result "1-0"]
[WhiteElo "2082"]
[BlackElo "1841"]
[PlyCount "76"]
[EventDate "2008.??.??"]
[SourceDate "2007.10.22"]

1. e4 c5 2. c3 d5 3. exd5 Qxd5 4. d4 g6 5. dxc5 Qxd1+ 6. Kxd1 Bg7 7. Be3 Nf6 8.
Bb5+ Bd7 9. Bxd7+ Nfxd7 10. Ne2 Na6 11. c6 bxc6 12. Nd2 Nac5 13. Kc2 O-O 14.
Rad1 Rfd8 15. Rhe1 e5 16. Nc4 e4 17. Rd6 Nd3 18. Rd1 c5 19. Nf4 Be5 20. Nxe5
N7xe5 21. Rxd8+ Rxd8 22. Bxc5 Rb8 23. Nxd3 Nxd3 24. b4 a5 25. a3 axb4 26. axb4
Nxc5 27. bxc5 Rc8 28. Rd5 f5 29. g4 f4 30. Re5 e3 31. fxe3 f3 32. Kd2 Kf7 33.
e4 Kf6 34. Rd5 Re8 35. Ke3 f2 36. g5+ Kg7 37. Rd7+ Kf8 38. Kxf2 Rc8 1-0

[Event "BCC Adolf Anderssen Friday Night Marath"]
[Site "Berkeley"]
[Date "2009.02.06"]
[Round "5"]
[White "Jahedi, Salar"]
[Black "Trestor, David Jon"]
[Result "0-1"]
[WhiteElo "2086"]
[BlackElo "1710"]
[PlyCount "71"]
[EventDate "2009.??.??"]
[SourceDate "2007.10.22"]

1. e4 c5 2. c3 Nc6 3. d4 e6 4. Be3 Nf6 5. d5 exd5 6. exd5 Ne5 7. Qe2 Qe7 8.
Bxc5 Nd3+ 9. Kd2 Qxe2+ 10. Bxe2 Nxc5 11. Bf3 Nce4+ 12. Ke3 Bc5+ 13. Ke2 Nxf2
14. Nh3 Nxh1 15. Nd2 d6 16. Rxh1 Bxh3 17. gxh3 O-O 18. Nc4 Rfe8+ 19. Kd2 a5 20.
b3 b5 21. Nb2 Re3 22. Rf1 Ne4+ 23. Bxe4 Rxe4 24. Nd3 Be3+ 25. Kc2 Rae8 26. b4
a4 27. Ne1 Bg1 28. Nf3 Re2+ 29. Kb1 Rf2 30. Rxg1 Rxf3 31. h4 Re2 32. h5 Rff2
33. h6 Rb2+ 34. Ka1 Rxa2+ 35. Kb1 Rfb2+ 36. Kc1 0-1

[Event "Shorman Sunday Night Marathon"]
[Site "?"]
[Date "2008.01.20"]
[Round "5"]
[White "Jahedi, Salar"]
[Black "Watson, Farid"]
[Result "1/2-1/2"]
[WhiteElo "2025"]
[BlackElo "1940"]
[PlyCount "92"]
[EventDate "2008.??.??"]
[SourceDate "2007.10.22"]

1. d4 Nf6 2. Nf3 e6 3. Nbd2 c5 4. e3 Nc6 5. c3 Qc7 6. Bd3 Be7 7. O-O b6 8. e4
cxd4 9. cxd4 Nb4 10. Bb5 Ba6 11. Bxa6 Nxa6 12. Nb1 Nxe4 13. Qd3 Qb7 14. Re1 Nf6
15. Nc3 Nb4 16. Qe2 Nbd5 17. Ne4 O-O 18. a3 Rac8 19. Ne5 Nxe4 20. Qxe4 d6 21.
Nd3 Qd7 22. Nf4 Nf6 23. Qe2 Rfe8 24. Qd3 Qc7 25. Qa6 Bf8 26. h3 Qb8 27. Bd2 e5
28. dxe5 dxe5 29. Ne2 Ne4 30. Be3 Bc5 31. Bxc5 Nxc5 32. Qc4 e4 33. Red1 Qe5 34.
Nc3 Nd3 35. Qxe4 Qxe4 36. Nxe4 Nxb2 37. Nd6 Nxd1 38. Nxc8 Rxc8 39. Rxd1 Kf8 40.
Rd7 Rc1+ 41. Kh2 a5 42. Rb7 Rc3 43. Rxb6 Ke7 44. Rb7+ Ke6 45. Rb6+ Kd7 46. Rb7+
Ke6 1/2-1/2

[Event "Berkeley CC Ch2011 FNM; 30/90, SD/30"]
[Site "Berkeley"]
[Date "2011.12.16"]
[Round "7"]
[White "Jenkins, Gerl L"]
[Black "Deng, David"]
[Result "1-0"]
[WhiteElo "1625"]
[BlackElo "1422"]
[PlyCount "61"]
[EventDate "2011.??.??"]
[SourceDate "2007.10.22"]

1. e4 d6 2. Bc4 Nf6 3. d3 g6 4. Ne2 Bg7 5. a3 O-O 6. h3 c5 7. g4 Nbd7 8. f4 b6
9. Ng3 Bb7 10. g5 Ne8 11. h4 e6 12. h5 Qe7 13. hxg6 fxg6 14. Ba2 d5 15. Qg4 Nc7
16. Rh2 Qf7 17. Nc3 Rae8 18. Bd2 b5 19. O-O-O Re7 20. Rdh1 Bh8 21. Rxh7 Qxh7
22. Rxh7 Kxh7 23. Qh3+ Kg8 24. Qh6 Rg7 25. exd5 Bxd5 26. Nxd5 Nxd5 27. Nh5 gxh5
28. Qxe6+ Kh7 29. Qh6+ Kg8 30. Bxd5+ Rff7 31. g6 1-0

[Event "Berkeley CS Rubinstein FNM; 30/90, SD/3"]
[Site "Berkeley"]
[Date "2011.09.02"]
[Round "6.8"]
[White "Jenkins, Gerl L"]
[Black "Genirberg, Richard"]
[Result "1-0"]
[WhiteElo "1494"]
[BlackElo "1404"]
[PlyCount "99"]
[EventDate "2011.??.??"]
[SourceDate "2007.10.22"]

1. e4 d6 2. Bc4 Nf6 3. d3 g6 4. h3 Bg7 5. Nc3 c5 6. a3 O-O 7. g4 Nc6 8. f4 e6
9. Nf3 Re8 10. Ba2 b6 11. Ng5 Nd4 12. Ne2 d5 13. e5 Nd7 14. Nxd4 cxd4 15. Nf3
Ba6 16. g5 Rc8 17. h4 Bf8 18. Nxd4 Qc7 19. Be3 Bc5 20. Rc1 Nb8 21. Qe2 Nc6 22.
c3 Qd7 23. Bb1 Rc7 24. h5 Nxd4 25. cxd4 Bb4+ 26. axb4 Rxc1+ 27. Bxc1 Rc8 28.
Bd2 Qa4 29. Bc3 Qa1 30. Kd2 Qa4 31. hxg6 fxg6 32. Qh2 Rc7 33. Bc2 Qc6 34. Ra1
b5 35. Bd1 Bc8 36. Bg4 a6 37. Rh1 Re7 38. Qh6 Rd7 39. Ke3 Re7 40. Rf1 Rf7 41.
Rc1 Qb7 42. Bd2 Qd7 43. Qh3 Qe8 44. Rxc8 Qxc8 45. Bxe6 Qc7 46. Bxd5 Kf8 47.
Bxf7 Qxf7 48. Qc8+ Qe8 49. Qxe8+ Kxe8 50. d5 1-0

[Event "Berkeley CC Ch2011 FNM; 30/90, SD/30"]
[Site "Berkeley"]
[Date "2011.11.18"]
[Round "3.16"]
[White "Jenkins, Gerl L"]
[Black "Landrum, Brett"]
[Result "1-0"]
[WhiteElo "1625"]
[BlackElo "1574"]
[PlyCount "99"]
[EventDate "2011.??.??"]
[SourceDate "2007.10.22"]

1. e4 e5 2. Bc4 Nf6 3. d3 Nc6 4. a3 Bc5 5. Bg5 h6 6. Bh4 g5 7. Bg3 d6 8. h3 Be6
9. Bb5 Bd7 10. c3 a6 11. Ba4 Ne7 12. b4 Ba7 13. Bb3 Ng6 14. Ne2 Nh5 15. Bh2 Qf6
16. Rf1 Nh4 17. d4 Nxg2+ 18. Kd2 exd4 19. Nxd4 Bxd4 20. Qxh5 Be5 21. Bxe5 dxe5
22. Kc2 Ne3+ 23. fxe3 Qxf1 24. Nd2 Qf6 25. Rf1 Qxf1 26. Nxf1 O-O-O 27. Ng3 f6
28. Nf5 Be8 29. Qf3 h5 30. Ne7+ Kb8 31. Qxf6 Bd7 32. Qf3 Rhf8 33. Qxh5 Rf2+ 34.
Kc1 Rg2 35. Qd1 c6 36. Qd6+ Ka7 37. Be6 Rg1+ 38. Kd2 Rg2+ 39. Ke1 Bxe6 40. Qxd8
Bxh3 41. Nc8+ Bxc8 42. Qxc8 g4 43. Qf5 g3 44. Qxe5 Rg1+ 45. Ke2 g2 46. Kf2 Ra1
47. Kxg2 Rxa3 48. Qd4+ Ka8 49. e5 Ra4 50. e6 1-0

[Event "Berkeley CC Colle FNM; 30/90, SD/30"]
[Site "Berkeley"]
[Date "2011.07.08"]
[Round "5.12"]
[White "Jenkins, Gerl L"]
[Black "Li, William J"]
[Result "1/2-1/2"]
[WhiteElo "1484"]
[BlackElo "1444"]
[PlyCount "96"]
[EventDate "2011.??.??"]
[SourceDate "2007.10.22"]

1. e4 c6 2. Nc3 d5 3. Nf3 dxe4 4. Nxe4 Bf5 5. Ng3 Bg6 6. Bc4 Nd7 7. Nh4 e6 8.
Nxg6 hxg6 9. Qe2 Qc7 10. d3 O-O-O 11. Be3 Nb6 12. Bb3 Nd5 13. Bd2 Ngf6 14. h3
Bd6 15. Ne4 Be5 16. O-O-O Nxe4 17. Qxe4 Bf6 18. Qa4 Qb6 19. Rdf1 Bd4 20. Ba5
Qc5 21. Bxd8 Kxd8 22. Qc4 Qb6 23. c3 Bxf2 24. Qe4 Be3+ 25. Kb1 Ke7 26. Bxd5
cxd5 27. Qb4+ Qxb4 28. cxb4 Rc8 29. a3 f6 30. Rf3 Bh6 31. Rd1 e5 32. d4 e4 33.
Rc3 Rxc3 34. bxc3 Ke6 35. Kc2 Kf5 36. Rf1+ Kg5 37. c4 dxc4 38. g3 f5 39. d5 Kf6
40. Kc3 Ke5 41. Kxc4 Be3 42. Rd1 Kd6 43. Rf1 Ke5 44. h4 Bb6 45. Rd1 Kd6 46. Rh1
Bf2 47. Rh3 e3 48. Kd3 Kxd5 {remainder illegible} 1/2-1/2

[Event "Berkeley CC Colle FNM; 30/90, SD/30"]
[Site "Berkeley"]
[Date "2011.06.17"]
[Round "2.11"]
[White "Jenkins, Gerl L"]
[Black "Motschenbacher, Von"]
[Result "1/2-1/2"]
[WhiteElo "1484"]
[BlackElo "1697"]
[PlyCount "62"]
[EventDate "2011.??.??"]
[SourceDate "2007.10.22"]

1. e4 e6 2. Bc4 d5 3. exd5 exd5 4. Bb3 Nf6 5. d3 Bg4 6. Ne2 Bc5 7. Bg5 c6 8.
Qd2 O-O 9. h3 Bxe2 10. Kxe2 Re8+ 11. Kd1 Nbd7 12. d4 Bd6 13. c3 Ne4 14. Bxd8
Nxd2 15. Nxd2 Raxd8 16. g3 Nf6 17. Bc2 Re7 18. Bd3 Rde8 19. Nf3 Ne4 20. Bxe4
Rxe4 21. Re1 f5 22. Kd2 g6 23. Ng5 Rxe1 24. Rxe1 Rxe1 25. Kxe1 Be7 26. Ne6 Kf7
27. Nf4 g5 28. Nd3 Bd6 29. Ke2 Kf6 30. Ke3 a5 31. a3 h5 1/2-1/2

[Event "Berkeley CC Capablanca FNM; 30/90, SD/3"]
[Site "Berkeley"]
[Date "2011.09.30"]
[Round "3.7"]
[White "Jenkins, Gerl L"]
[Black "Motschenbacher, Von"]
[Result "1/2-1/2"]
[WhiteElo "1506"]
[BlackElo "1741"]
[PlyCount "63"]
[EventDate "2011.??.??"]
[SourceDate "2007.10.22"]

1. e4 e6 2. Nc3 d5 3. b3 Nf6 4. exd5 exd5 5. Qe2+ Qe7 6. Bb2 Bg4 7. f3 Qxe2+ 8.
Ngxe2 Bd7 9. O-O-O Bd6 10. Ng3 c6 11. Re1+ Kd8 12. Bd3 Re8 13. Nce2 Be5 14. Nd4
Bxg3 15. hxg3 h6 16. Rxe8+ Nxe8 17. Bf5 f6 18. Re1 c5 19. Bxd7 Kxd7 20. Ne6 b6
21. d4 cxd4 22. Nxd4 Na6 23. Ba3 Nc5 24. Bxc5 bxc5 25. Ne6 Rc8 26. Nf8+ Kd8 27.
Re6 Nc7 28. Re1 Ne8 29. Kd2 Rc6 30. Kc3 Nc7 31. a4 a5 32. Ng6 1/2-1/2

[Event "Berkeley CC Colle FNM; 30/90, SD/30"]
[Site "Berkeley"]
[Date "2011.07.01"]
[Round "4.8"]
[White "Jenkins, Gerl L"]
[Black "Stearman, Josiah P"]
[Result "0-1"]
[WhiteElo "1484"]
[BlackElo "1667"]
[PlyCount "68"]
[EventDate "2011.??.??"]
[SourceDate "2007.10.22"]

1. e4 c5 2. Bc4 d6 3. Nc3 Nf6 4. d3 Nc6 5. a3 Ne5 6. Ba2 e6 7. h3 a6 8. Nge2
Be7 9. f4 Nc6 10. Be3 Bd7 11. g4 e5 12. f5 Nd4 13. Ng3 h6 14. Rf1 Bc6 15. Bxd4
cxd4 16. Nce2 d5 17. exd5 Nxd5 18. Bxd5 Bxd5 19. Rg1 Bg5 20. Nf1 Rc8 21. b3
Qa5+ 22. Kf2 Bh4+ 23. Neg3 Qc3 24. Ra2 a5 25. Qd2 a4 26. Qxc3 Rxc3 27. Nd2 axb3
28. cxb3 Rxd3 29. Rb2 e4 30. Nc4 Rf3+ 31. Ke2 d3+ 32. Kd2 Bxc4 33. bxc4 Rf2+
34. Kc3 Bf6+ 0-1

[Event "Berkeley CC Capablanca FNM; 30/90, SD/3"]
[Site "Berkeley"]
[Date "2011.10.21"]
[Round "6.10"]
[White "Jenkins, Gerl L"]
[Black "Stearman, Josiah P"]
[Result "0-1"]
[WhiteElo "1506"]
[BlackElo "1712"]
[PlyCount "78"]
[EventDate "2011.??.??"]
[SourceDate "2007.10.22"]

1. e4 c5 2. Nc3 Nc6 3. a3 g6 4. Bc4 Bg7 5. Nge2 d6 6. d3 Nf6 7. h3 a6 8. Bb3
O-O 9. Bg5 h6 10. Bd2 Kh7 11. g4 Ng8 12. Ng3 Nd4 13. Ba2 b5 14. Nd5 e6 15. Nf4
f5 16. c3 g5 17. Nfh5 Nc6 18. Nxg7 Kxg7 19. Nh5+ Kh7 20. f4 gxf4 21. Nxf4 Qh4+
22. Ke2 fxg4 23. Qg1 e5 24. Bxg8+ Rxg8 25. Be1 Qf6 26. Nd5 Qf3+ 27. Kd2 gxh3
28. Qf1 Rg2+ 29. Kc1 Qxf1 30. Rxf1 Bg4 31. Ne3 Be2 32. Rf2 Rxf2 33. Bxf2 h2 34.
Kd2 Bf3 35. Nf5 h1=Q 36. Rxh1 Bxh1 37. Nxd6 Rd8 38. Bxc5 Na5 39. Be3 Rxd6 0-1

[Event "Berkeley CS Rubinstein FNM; 30/90, SD/3"]
[Site "Berkeley"]
[Date "2011.08.12"]
[Round "3.8"]
[White "Jenkins, Gerl L"]
[Black "Xu, Taotao"]
[Result "1-0"]
[WhiteElo "1494"]
[BlackElo "1027"]
[PlyCount "89"]
[EventDate "2011.??.??"]
[SourceDate "2007.10.22"]

1. e4 e5 2. Bc4 Nf6 3. d3 Bc5 4. Bg5 O-O 5. Qf3 Be7 6. h3 Nc6 7. a3 d6 8. Nc3
Be6 9. Bxf6 Bxf6 10. Nd5 Nd4 11. Nxf6+ gxf6 12. Qd1 Bxc4 13. dxc4 Qd7 14. Ne2
Nc6 15. f4 Na5 16. Qd5 b6 17. b4 c6 18. Qd3 Nb7 19. Rd1 Rad8 20. f5 c5 21. Ng3
Kh8 22. Nh5 Qe7 23. Qe3 cxb4 24. Qh6 Rg8 25. Nxf6 Rg7 26. axb4 d5 27. Nxd5 Rxd5
28. Rxd5 Qxb4+ 29. Qd2 Qb1+ 30. Qd1 Qb4+ 31. Kf2 Qxc4 32. Qd3 Qxd3 33. cxd3 Nc5
34. Ra1 a5 35. Rb1 Na4 36. Rxe5 f6 37. Re6 Nc3 38. Rbxb6 Nd1+ 39. Kf3 Ra7 40.
Rxf6 a4 41. Ra6 Rxa6 42. Rxa6 Nb2 43. Ke3 Nd1+ 44. Kd2 Nb2 45. Kc2 1-0

[Event "BCC Josh Friedel Marathon"]
[Site "Berkeley"]
[Date "2008.07.25"]
[Round "3.3"]
[White "Jones, James E"]
[Black "Dorn, Richard T"]
[Result "0-1"]
[WhiteElo "2022"]
[BlackElo "1925"]
[PlyCount "102"]
[EventDate "2008.??.??"]
[SourceDate "2007.10.22"]

1. e4 e5 2. Bc4 Nf6 3. Nf3 Nxe4 4. Nc3 d5 5. Bxd5 Nf6 6. Bb3 Bc5 7. O-O Nc6 8.
Qe2 O-O 9. Nxe5 Nd4 10. Qc4 Qe7 11. Nd5 Nxd5 12. Qxd5 Be6 13. Qe4 Bxb3 14. axb3
Rae8 15. Re1 Nc6 16. b4 Bd4 17. b5 Nxe5 18. Kf1 Bxf2 19. Re2 Bb6 20. d4 Ng6 21.
Qxe7 Rxe7 22. Rxe7 Nxe7 23. c3 Nf5 24. Bd2 Re8 25. Kf2 Nd6 26. Be3 Nxb5 27. Rd1
Nd6 28. Rd3 Nc4 29. Bc1 f6 30. b3 Ne5 31. Rd1 Nc6 32. Be3 Re4 33. Kf3 f5 34. h3
h5 35. Rd3 Ne7 36. c4 Kf7 37. b4 c6 38. b5 Bd8 39. bxc6 Nxc6 40. Rd1 Bf6 41. d5
Ne5+ 42. Kf2 Nxc4 43. Bxa7 b6 44. Bb8 Rd4 45. Rc1 Be5 46. Rxc4 Rxc4 47. Bxe5
Rc5 48. Bd4 Rc2+ 49. Kf3 b5 50. d6 Rd2 51. Bc5 Ke6 0-1

[Event "David Pruess FNM; 30/90, SD/30"]
[Site "Berkeley"]
[Date "2008.09.26"]
[Round "4.2"]
[White "Jones, James E"]
[Black "Macintyre, Brendan"]
[Result "1-0"]
[WhiteElo "2022"]
[BlackElo "1607"]
[PlyCount "85"]
[EventDate "2008.??.??"]
[SourceDate "2007.10.22"]

1. e4 c5 2. d4 cxd4 3. c3 dxc3 4. Nxc3 Nc6 5. Nf3 g6 6. Bc4 Bg7 7. O-O Nf6 8.
e5 Ng8 9. Bf4 a6 10. Qd2 h5 11. Nd5 b5 12. Bb3 Bb7 13. Nc7+ Qxc7 14. e6 d6 15.
exf7+ Kd7 16. fxg8=Q Raxg8 17. Bxg8 Rxg8 18. Rac1 Qd8 19. Rfe1 Qf8 20. Ng5 Bxb2
21. Ne6 Qf6 22. Rc2 Ba3 23. Bg5 Qf5 24. Rxc6 Bxc6 25. Qa5 Rc8 26. Qxa3 Bd5 27.
Nc5+ dxc5 28. Rxe7+ Kd6 29. Qxa6+ Rc6 30. Qa5 Rc8 31. h4 Qg4 32. Qb6+ Bc6 33.
f3 Qc4 34. Ra7 Qd4+ 35. Kh2 Qe5+ 36. Kh3 Kd5 37. Re7 Qf5+ 38. Kg3 Kd6 39. Qa6
Ra8 40. Qb6 Rc8 41. Re2 b4 42. Bf4+ Kd5 43. Re5+ 1-0

[Event "David Pruess FNM; 30/90, SD/30"]
[Site "Berkeley"]
[Date "2008.10.03"]
[Round "5.2"]
[White "Jones, James E"]
[Black "Petty, David A"]
[Result "0-1"]
[WhiteElo "2022"]
[BlackElo "1983"]
[PlyCount "78"]
[EventDate "2008.??.??"]
[SourceDate "2007.10.22"]

1. e4 c5 2. d4 cxd4 3. c3 dxc3 4. Nxc3 d6 5. Bc4 e6 6. Nf3 a6 7. O-O Be7 8. Qe2
Nf6 9. Rd1 O-O 10. e5 Ne8 11. exd6 Nxd6 12. Bf4 Qb6 13. Bb3 Bd7 14. Rac1 Rd8
15. Nd5 exd5 16. Qxe7 Nf5 17. Qe5 Nc6 18. Qe1 Be6 19. g4 Nfe7 20. h3 Ng6 21.
Bg3 Re8 22. Qd2 Rad8 23. Qg5 Qb5 24. Nd4 Nxd4 25. Rxd4 Qe2 26. Rd2 Qf3 27. Rc3
Qe4 28. Re3 Qb1+ 29. Kh2 h6 30. Qh5 Ne7 31. Bh4 Qc1 32. Rc2 Qf1 33. Rc7 Rc8 34.
Rec3 Rxc7 35. Rxc7 Ng6 36. Kg3 Qg1+ 37. Kf3 Ne5+ 38. Ke2 Nxg4 39. Kd2 g6 0-1

[Event "BCC David Pruess Marathon"]
[Site "?"]
[Date "2008.09.12"]
[Round "2"]
[White "Jones, James"]
[Black "Trestor, David"]
[Result "1-0"]
[WhiteElo "2022"]
[BlackElo "1738"]
[PlyCount "93"]
[EventDate "2008.??.??"]
[SourceDate "2007.10.22"]

1. e4 c5 2. d4 cxd4 3. c3 d3 4. Bxd3 Nc6 5. Nf3 g6 6. O-O Bg7 7. Re1 Nf6 8. Bf4
O-O 9. h3 d5 10. e5 Nd7 11. Qd2 Re8 12. Na3 a6 13. Rad1 b5 14. Nxb5 axb5 15.
Bxb5 Ndb8 16. e6 fxe6 17. Bxb8 Nxb8 18. Bxe8 Qxe8 19. Ng5 Bh6 20. Ra1 Qb5 21.
Qf4 Bxg5 22. Qxg5 Qxb2 23. Qxe7 Qb7 24. Rxe6 Qxe7 25. Rxe7 Nc6 26. Rc7 Nd8 27.
a4 Ne6 28. Re7 Nc5 29. a5 Ba6 30. Rb1 Bc4 31. Rb6 Nb3 32. a6 Bxa6 33. Rxb3 h5
34. Rb6 Kf8 35. Rh7 Kg8 36. Rd7 Bd3 37. Rxd5 Ra1+ 38. Kh2 Bf5 39. Rb7 Ra8 40.
Rdb5 Be4 41. Rb8+ Kf7 42. Rxa8 Bxa8 43. Rb6 Bd5 44. g4 hxg4 45. hxg4 g5 46. Rd6
Be6 47. Rxe6 1-0

[Event "Berkeley CC Ch2011 FNM; 30/90, SD/30"]
[Site "Berkeley"]
[Date "2011.11.11"]
[Round "2.2"]
[White "Karas, Nicholas"]
[Black "Curto, Wayne"]
[Result "1-0"]
[WhiteElo "2120"]
[BlackElo "1900"]
[PlyCount "41"]
[EventDate "2011.??.??"]
[SourceDate "2007.10.22"]

1. e4 c6 2. d4 d5 3. exd5 cxd5 4. c4 Nf6 5. Nc3 Nc6 6. Nf3 e6 7. Bd3 Be7 8. O-O
O-O 9. Bg5 dxc4 10. Bxc4 Nb4 11. Ne5 Nbd5 12. Rc1 a6 13. Bd3 Qd6 14. Re1 b5 15.
Bxf6 Nxf6 16. Ne4 Nxe4 17. Bxe4 Ra7 18. Nxf7 Kxf7 19. Qh5+ g6 20. Qxh7+ Ke8 21.
Rxc8+ 1-0

[Event "Berkeley CC De Firmian FNM; 30/90, SD/30"]
[Site "Berkeley"]
[Date "2012.04.13"]
[Round "3.4"]
[White "Karas, Nicholas"]
[Black "Kenny, Michael Joh"]
[Result "1-0"]
[WhiteElo "2099"]
[BlackElo "1780"]
[PlyCount "83"]
[EventDate "2012.??.??"]

1. e4 e6 2. d4 d5 3. Nc3 b6 4. Nf3 Ba6 5. Bxa6 Nxa6 6. exd5 exd5 7. Qe2+ Qe7 8.
Ne5 Nb4 9. a3 f6 10. axb4 fxe5 11. Nxd5 Qd6 12. Qxe5+ Qxe5+ 13. dxe5 O-O-O 14.
Ne3 Kb7 15. c3 Ne7 16. f4 h5 17. Ke2 Ng6 18. Nc2 Nh4 19. g3 Nf5 20. Be3 Nxe3
21. Nxe3 g6 22. Rad1 Bh6 23. Rxd8 Rxd8 24. Rd1 Rxd1 25. Nxd1 Kc6 26. Kd3 Kd5
27. Ne3+ Ke6 28. Ke4 Bg7 29. h3 Bh6 30. g4 hxg4 31. hxg4 Kf7 32. f5 c6 33. Nc4
gxf5+ 34. gxf5 Ke7 35. Nd6 Kd7 36. b5 Bf8 37. bxc6+ Kxc6 38. Nf7 Kd7 39. Kd5
Ke7 40. Nd6 Kd7 41. f6 Bh6 42. e6+ 1-0

[Event "Berkeley CC Ch2011 FNM; 30/90, SD/30"]
[Site "Berkeley"]
[Date "2011.12.16"]
[Round "7"]
[White "Karas, Nicholas"]
[Black "Narayanan, Praveen"]
[Result "1-0"]
[WhiteElo "2120"]
[BlackElo "1986"]
[PlyCount "67"]
[EventDate "2011.??.??"]
[SourceDate "2007.10.22"]

1. e4 e6 2. d4 d5 3. Nc3 Bb4 4. e5 c5 5. Bd2 Bxc3 6. bxc3 Ne7 7. Nf3 b6 8. Bd3
Ba6 9. Bxa6 Nxa6 10. Rb1 Qd7 11. Qe2 c4 12. O-O Nb8 13. Bc1 Nbc6 14. Ba3 h6 15.
Nd2 O-O-O 16. Bxe7 Nxe7 17. Rb2 Rdg8 18. Ra1 Kc7 19. a4 Nc6 20. Nb1 Ra8 21. Na3
Na5 22. Nb5+ Kc6 23. Nd6 f5 24. Rab1 g5 25. Rb5 h5 26. Qf1 Rab8 27. Qc1 Rhg8
28. Qa3 Qc7 29. Qb2 Rgf8 30. Rxd5 a6 31. Rb5 Nb3 32. Rb4 Nd2 33. Rd1 a5 34.
Rxc4+ 1-0

[Event "Berkeley CC Ch2011 FNM; 30/90, SD/30"]
[Site "Berkeley"]
[Date "2011.12.02"]
[Round "5.1"]
[White "Karas, Nicholas"]
[Black "Rumph, Todd F"]
[Result "1/2-1/2"]
[WhiteElo "2120"]
[BlackElo "2176"]
[PlyCount "95"]
[EventDate "2011.??.??"]
[SourceDate "2007.10.22"]

1. e4 e5 2. Nf3 Nc6 3. Bb5 a6 4. Ba4 d6 5. Bxc6+ bxc6 6. d4 f6 7. O-O Ne7 8.
Re1 Ng6 9. h3 Be7 10. c4 O-O 11. Nc3 Qe8 12. c5 dxc5 13. d5 Rb8 14. b3 cxd5 15.
Qxd5+ Kh8 16. Be3 Bd6 17. Nh2 Be6 18. Qd3 c4 19. bxc4 Bb4 20. Reb1 Bxc3 21.
Rxb8 Qxb8 22. Qxc3 Qb7 23. f3 Rd8 24. Nf1 Qc6 25. Rc1 Nf8 26. Ng3 Nd7 27. Qa3
Nb6 28. Qxa6 Bxc4 29. Qa3 Qe6 30. Qb4 Bxa2 31. Rxc7 Nd7 32. Qb7 Qe8 33. Nf5 Be6
34. Nd6 Qe7 35. Bc5 Nxc5 36. Rxe7 Nxb7 37. Nxb7 Rd1+ 38. Kh2 Bg8 39. h4 h5 40.
Na5 Rc1 41. Re8 Kh7 42. Nb7 Rd1 43. Nd8 Rd6 44. Nb7 Rd7 45. Nc5 Rc7 46. Nd3 Bc4
47. Nf2 Bf1 48. Rd8 1/2-1/2

[Event "Berkeley CC Capablanca FNM; 30/90, SD/3"]
[Site "Berkeley"]
[Date "2011.10.21"]
[Round "6.1"]
[White "Karas, Nicholas"]
[Black "Sanchez, Miguel"]
[Result "0-1"]
[WhiteElo "2103"]
[BlackElo "2320"]
[PlyCount "114"]
[EventDate "2011.??.??"]
[SourceDate "2007.10.22"]

1. e4 e5 2. d4 exd4 3. Qxd4 Nc6 4. Qe3 Nf6 5. Nc3 Bb4 6. Bd2 O-O 7. O-O-O Re8
8. Qg3 Rxe4 9. a3 Ba5 10. f4 Re8 11. Bd3 d5 12. Nf3 d4 13. Ne2 Bxd2+ 14. Rxd2
Qd5 15. Nfxd4 Qa2 16. Nb3 Na5 17. Rdd1 Bg4 18. Nxa5 Bxe2 19. Rde1 Bxd3 20. cxd3
Qd5 21. Nc4 Rad8 22. Rxe8+ Rxe8 23. Ne5 Nh5 24. Qf2 Nxf4 25. Qxf4 Qxe5 26. Qxe5
Rxe5 27. Kd2 Kf8 28. d4 Rg5 29. g3 Ke7 30. Re1+ Kd7 31. Kd3 Rf5 32. Ke3 a5 33.
Rc1 Rb5 34. Rc2 Kd6 35. Ke4 c6 36. Rf2 f6 37. Rc2 Rb3 38. Rf2 Ke6 39. Kf4 Kd5
40. Kf5 a4 41. g4 Kxd4 42. Rf4+ Kd5 43. Rf2 Rd3 44. h4 b5 45. g5 fxg5 46. Kxg5
Rg3+ 47. Kf4 Rh3 48. Kg4 Rh1 49. Rc2 c5 50. Kg5 Rg1+ 51. Kf4 h5 52. Rh2 b4 53.
axb4 cxb4 54. Ke3 Kc4 55. Kd2 Kb3 56. Kd3 a3 57. bxa3 bxa3 0-1

[Event "Berkeley CC Capablanca FNM; 30/90, SD/3"]
[Site "Berkeley"]
[Date "2011.09.23"]
[Round "2.11"]
[White "Karas, Nicholas"]
[Black "Shan, Jonathan"]
[Result "1-0"]
[WhiteElo "2103"]
[BlackElo "1448"]
[PlyCount "52"]
[EventDate "2011.??.??"]
[SourceDate "2007.10.22"]

1. e4 c5 2. Nf3 Nc6 3. d4 cxd4 4. Nxd4 Nf6 5. Nc3 g6 6. Be3 Bg7 7. Bc4 O-O 8.
f3 a6 9. a4 d6 10. Qd2 Bd7 11. Nxc6 bxc6 12. a5 c5 13. Na4 Bxa4 14. Rxa4 Qd7
15. Ra3 Rfb8 16. c3 Ra7 17. O-O Ne8 18. f4 Nc7 19. Bxc5 Rab7 20. Bb6 Nb5 21.
Raa1 Rc8 22. Bd5 Rbb8 23. f5 Na7 24. fxg6 hxg6 25. Rxf7 Kh8 26. Qg5 Qb5 1-0

[Event "Berkeley CC Capablanca FNM; 30/90, SD/3"]
[Site "Berkeley"]
[Date "2011.10.14"]
[Round "5.2"]
[White "Karas, Nicholas"]
[Black "Vidanovic, Dragan"]
[Result "1-0"]
[WhiteElo "2103"]
[BlackElo "1950"]
[PlyCount "25"]
[EventDate "2011.??.??"]
[SourceDate "2007.10.22"]

1. e4 c5 2. Nf3 e6 3. d4 cxd4 4. Nxd4 a6 5. Bd3 Nf6 6. O-O Qc7 7. Nc3 Bc5 8.
Nb3 Ba7 9. Bg5 Qe5 10. Qd2 Ng4 11. Bf4 Qh5 12. h3 Ne5 13. Be2 1-0

[Event "Shorman Sunday Night Marathon"]
[Site "?"]
[Date "2008.01.20"]
[Round "5"]
[White "Karp, Richard"]
[Black "Landrum, Brett"]
[Result "1-0"]
[WhiteElo "1912"]
[BlackElo "1408"]
[PlyCount "61"]
[EventDate "2008.??.??"]
[SourceDate "2007.10.22"]

1. e4 e5 2. Nf3 Nc6 3. Bb5 Nge7 4. O-O a6 5. Ba4 d6 6. c3 Bd7 7. d4 exd4 8.
cxd4 Ng6 9. Nc3 Be7 10. Be3 O-O 11. Re1 Bg4 12. h3 Bd7 13. Qe2 b5 14. Bc2 Na5
15. b3 Nc6 16. Rad1 Nh4 17. Nxh4 Bxh4 18. Qh5 h6 19. Nd5 Be7 20. Rd3 Be6 21.
Bxh6 g6 22. Qe2 Re8 23. Nf4 Bd7 24. g4 Nb4 25. Rdd1 Nxa2 26. e5 Nc3 27. Qd3
Nxd1 28. Nxg6 f5 29. exf6 Kf7 30. Nh8+ Rxh8 31. Qg6# 1-0

[Event "Shorman Sunday Night Marathon"]
[Site "?"]
[Date "2007.12.09"]
[Round "1"]
[White "Karp, Richard"]
[Black "Morgan, Jerry"]
[Result "1-0"]
[WhiteElo "1900"]
[BlackElo "1500"]
[PlyCount "102"]
[EventDate "2007.12.09"]
[SourceDate "2007.10.22"]

1. e4 e6 2. d4 d5 3. Nd2 c5 4. Ngf3 Nc6 5. exd5 Qxd5 6. Bc4 Qd8 7. Nb3 Nxd4 8.
Nbxd4 cxd4 9. Qxd4 Qxd4 10. Nxd4 a6 11. Bf4 Nf6 12. O-O Be7 13. Rad1 O-O 14.
Rd3 b5 15. Bb3 Ne4 16. Rfd1 Bf6 17. Be3 Bb7 18. c3 Nc5 19. R3d2 Ne4 20. Re2
Rfd8 21. Ree1 Rac8 22. f3 Nc5 23. Bc2 Bd5 24. Bb1 Na4 25. Bc1 Nb6 26. Ne2 Bc4
27. Nd4 h6 28. Be3 Nd5 29. Bf2 Ne7 30. b3 Bd5 31. Rc1 Bb7 32. Be4 Bd5 33. Bb1
Bb7 34. Be3 Nd5 35. Be4 Ba8 36. Bd2 Kf8 37. Ne2 Nb6 38. Be3 Nd5 39. Bd4 Bxd4+
40. cxd4 Nb6 41. Kf2 b4 42. Ke3 Nd5+ 43. Bxd5 Bxd5 44. Rc5 Rc6 45. Rec1 Rdc8
46. Nf4 Rxc5 47. Rxc5 Rxc5 48. dxc5 Ke7 49. Nxd5+ exd5 50. Kd4 Kd7 51. Kxd5 Kc7
1-0

[Event "George Koltanowski Sunday Marathon"]
[Site "?"]
[Date "2007.11.04"]
[Round "3"]
[White "Karp, Richard"]
[Black "Stoll, Danny"]
[Result "1-0"]
[WhiteElo "1911"]
[BlackElo "1149"]
[PlyCount "53"]
[EventDate "2007.10.28"]
[SourceDate "2007.10.22"]

1. e4 c5 2. Nf3 d6 3. d4 cxd4 4. Nxd4 Nf6 5. Nc3 g6 6. Be2 Bg7 7. O-O O-O 8.
Be3 Nc6 9. Nb3 Bd7 10. f4 Rc8 11. Bf3 Qc7 12. Nd5 Nxd5 13. exd5 Na5 14. Nxa5
Qxa5 15. c3 f5 16. Kh1 Bb5 17. Re1 Qc7 18. Bd4 Bxd4 19. Qxd4 Rfe8 20. Qxa7 Bc4
21. Qd4 e6 22. dxe6 Rxe6 23. Bd5 Rce8 24. Qxc4 Qxc4 25. Bxc4 Kf7 26. Rxe6 Rxe6
27. Re1 1-0